| 000 | 00853nam a2200253 i 4500 | ||
|---|---|---|---|
| 001 | 110668 | ||
| 003 | ES-MaACL | ||
| 005 | 20230906185127.0 | ||
| 007 | t| | ||
| 008 | 070117s1956 sp ap d |||| | spa d | ||
| 080 | _a641.59(100) | ||
| 245 | 0 | 3 |
_aEl mundo en la mesa _b: Guía-diccionario de la gastronomía internacional / _cDoré Ogrizek ; textos de Francis Amunátegui ... [et al.] ; ilustraciones de Ben ... [et al.]. |
| 250 | _a1ª ed. | ||
| 260 |
_aMadrid : _bCastilla, _c1956. |
||
| 300 |
_a520 p.,16 h. : _bil. col. y n. ; _c17 cm. |
||
| 490 | 1 |
_aEl mundo en color ; _v10 |
|
| 650 | 1 | 4 |
_aGastronomía- _vDiccionarios. _913038 |
| 700 | 1 |
_aOgrizek, Doré. _986581 |
|
| 700 | 1 |
_aAmunátegui, Francis. _921349 |
|
| 700 | 1 |
_aBen. _927401 |
|
| 830 | 0 |
_aEl mundo en color ; _v10 _9185631 |
|
| 852 |
_aES-MaACL _jE-3761 |
||
| 999 |
_c110668 _d110668 |
||